000 00666nam a2200193Ia 4500
008 151121s9999||||xx |||||||||||||| ||und||
082 _a323।6/साठे
082 _bHNW-114385
100 _aसाठे शारदा
245 _aक्षितिजावरील शलाका
260 _b"ग्रंथाली प्रकाशन, मुंबई।"
260 _c2007
300 _a212
600 _aसाठे शारदा
630 _aक्षितिजावरील शलाका
700 _aसाठे शारदा
730 _aक्षितिजावरील शलाका
942 _cBOOK
999 _c1263379
_d1263376